000 01536nam a2200349Ia 4500
003 GCL
008 140319s9999 xx 000 0 ara d
020 _a1165710977
040 _aGCL /
_cGCL
082 0 4 _aق
_b370.00962
_bأ ت
100 1 _aاحمد اسماعيل حجى
245 1 0 _aالتاريخ الثقافى للتعليم فى مصر /
_cاحمد اسماعيل حجى
250 _aالاولى
260 _aالقاهرة :
_bدار الفكر العربى ،
_c2002
300 _a372 ص ؛
_c24 سم
650 0 4 _aالتعليم - اغراضه واهدافه - مصر
650 0 4 _aالتعليم - تاريخ - مصر
650 0 4 _aالتعليم - تاريخ - مصر القديمة
650 0 4 _aطرق التدريس - مصر
650 0 4 _aالتعليم الابتدائى - تاريخ - مصر
650 0 4 _aالتعليم الثانوى - تاريخ - مصر
650 0 4 _aالمدرسون - مصر
650 0 4 _aالمدرسون - تنظيم وادارة - مصر
650 0 4 _aالتعليم الجامعى - تاريخ - مصر
650 0 4 _aالتعليم - تاريخ - مصر - الازهر
650 0 4 _aتكنولوجيا التعليم - مصر
650 0 4 _aالتعليم - تاريخ - مصر - عصر البطالمة
650 0 4 _aالتعليم - تاريخ - مصر - عصر المماليك
650 0 4 _aالتعليم - تاريخ - مصر - العصر العثمانى
650 0 4 _aالتعليم - تاريخ - مصر - عصر محمد على
942 _2ddc
_cBK
999 _c9614
_d9614